Transformácia slovenskej ekonomiky a jej prejavy

Salvato in:
Dettagli Bibliografici
Autore principale: Sekerešová, Gabriela
Natura: Capitolo di libro
Lingua:slovacco
Tags: Aggiungi Tag
Nessun Tag, puoi essere il primo ad aggiungerne!!

MARC

LEADER 00000naa$a2200000$$$4500
001 0064870
005 20240502071749.6
041 0 |a slo 
044 |a SK 
245 1 0 |a Transformácia slovenskej ekonomiky a jej prejavy  |c Gabriela Reviľaková 
100 1 |a Sekerešová, Gabriela